Neurology Oral Boards Review A Concise and Systematic Approach to Clinical Practice /

Rapid recall of vast amounts of factual material is the key to success in both the Neurology Oral Board examination and in everyday patient care. In Neurology Oral Boards Review: A Concise and Systematic Approach to Clinical Practice, Eroboghene E. Ubogu offers a comprehensive review of relevant top...

Full description

Bibliographic Details
Main Author: Ubogu, Eroboghene E. (Author)
Corporate Author: SpringerLink (Online service)
Format: Electronic eBook
Language:English
Published: Totowa, NJ : Humana Press, 2005.
Subjects:
Online Access:Full Text via HEAL-Link
LEADER 03618nam a22004095i 4500
001 978-1-59259-984-4
003 DE-He213
005 20131220203716.0
007 cr nn 008mamaa
008 100301s2005 xxu| s |||| 0|eng d
020 |a 9781592599844  |9 978-1-59259-984-4 
024 7 |a 10.1007/978-1-59259-984-4  |2 doi 
040 |d GrThAP 
050 4 |a RC346-429.2 
072 7 |a MJN  |2 bicssc 
072 7 |a MED056000  |2 bisacsh 
082 0 4 |a 616.8  |2 23 
100 1 |a Ubogu, Eroboghene E.  |e author. 
245 1 0 |a Neurology Oral Boards Review  |h [electronic resource] :  |b A Concise and Systematic Approach to Clinical Practice /  |c by Eroboghene E. Ubogu. 
264 1 |a Totowa, NJ :  |b Humana Press,  |c 2005. 
300 |b online resource. 
336 |a text  |b txt  |2 rdacontent 
337 |a computer  |b c  |2 rdamedia 
338 |a online resource  |b cr  |2 rdacarrier 
347 |a text file  |b PDF  |2 rda 
505 0 |a Test Description -- Study Approach and Testing-Taking Strategies -- Clinical Vignettes: Emergencies -- Cerebrovascular Disease -- Epilepsy -- Neuromuscular Disorders -- Herniation Syndromes -- Infectious Diseases -- Spinal Cord Disease -- Movement Disorders -- Toxic-Metabolic Disorders -- Clinical Vignettes: General Neurology -- Behavioral Neurology -- Cerebrovascular Disorders -- Pain Syndromes -- Neuromuscular Disorders -- Movement Disorders -- Epilepsy -- Neuroimmunology -- Sleep Disorders -- Infectious Diseases -- Neoplastic Disease -- Vestibular Disorders -- Pediatric Neurology. 
520 |a Rapid recall of vast amounts of factual material is the key to success in both the Neurology Oral Board examination and in everyday patient care. In Neurology Oral Boards Review: A Concise and Systematic Approach to Clinical Practice, Eroboghene E. Ubogu offers a comprehensive review of relevant topics and examination strategies needed to pass the American Board of Psychiatry and Neurology (ABPN) Part II (Oral) exam, complete with up-to-date, evidence-based guidelines on diagnosis and management in clinical neurology. The author has written the book specifically to satisfy the requirements of the ABPN, with clinical case vignettes designed to allow the examinee to localize the plausible disease process, to indicate which investigations may help in establishing a diagnosis, to deduce treatment plans, and to make a prognosis, including patient and family counseling. The emergency cases test the ability to think critically when faced with a neurological emergency, putting a premium on resuscitation, patient safety, and rapid high-yield investigations. The general neurology cases reflect the breadth of disorders experienced in hospital and outpatient settings. The author also provides a detailed description of the oral ABPN examination and suggests a study regimen that takes into account the difficulties of allotting time to prepare while in post-residency training or practice. Comprehensive and case-based, Neurology Oral Boards Review: A Concise and Systematic Approach to Clinical Practice provides an authoritative approach to clinical problem solving in neurology, as well as an effective and time-efficient method to master the factual material needed to successfully complete the Neurology Oral Boards. 
650 0 |a Medicine. 
650 0 |a Neurology. 
650 1 4 |a Medicine & Public Health. 
650 2 4 |a Neurology. 
710 2 |a SpringerLink (Online service) 
773 0 |t Springer eBooks 
776 0 8 |i Printed edition:  |z 9781588296542 
856 4 0 |u http://dx.doi.org/10.1007/978-1-59259-984-4  |z Full Text via HEAL-Link 
912 |a ZDB-2-SME 
950 |a Medicine (Springer-11650)